Statistics for General Knowledge Quiz #152

Click here to take the quiz!

General Stats

  • This quiz has been taken 62,368 times
    (29,596 since last reset)
  • The average score is 12 of 20

Answer Stats

QuestionAnswer% Correct
What is the only country whose name starts with the letter Y?Yemen
96%
What is the heaviest species of bird?Ostrich
83%
What business leader nearly always wore a black turtleneck, jeans, and white sneakers?Steve Jobs
82%
What event was held in 1896 after a hiatus of about 1500 years?The Olympic Games
77%
What is the national gemstone of Australia? (hint: it starts with O)Opal
75%
To which Greek goddess was the Parthenon dedicated? Athena
73%
Which X-men character shares his name with the state animal of Michigan?Wolverine
73%
What island nation is located about 50 miles south of Sicily?Malta
72%
What film franchise has installments named "Beyond Thunderdome" and "Fury Road"?Mad Max
71%
What fashion designer had initials YSL?Yves Saint Laurent
66%
When is the only time that Freddy Krueger can hurt you?In your dreams
65%
What major oil company is headquartered in the Netherlands?Shell
65%
What painting by Sandro Boticelli features a nude woman standing on a scallop shell?Birth of {Venus}
61%
What is the national language of Pakistan?Urdu
55%
Who retired from acting after marrying Prince Rainier of Monaco in 1956?Grace Kelly
48%
What band's fans called themselves "Deadheads"?The Grateful Dead
41%
What empire contained 45% of the world's population in 480 BC?Achaemenid Empire
(Persian Empire)
40%
What action star was the lead actor in "Transporter"? Jason Statham
39%
What king spied Bathsheba bathing on the roof and then conspired to have
her husband killed?
King David
37%
What type of insect lives 13 or 17 years as a nymph and just 4 to 6 weeks as an adult?Periodical cicadas
28%

Score Distribution

Percentile by Number Answered

Percent of People with Each Score

Your Score History

You have not taken this quiz since the last reset